LDR 01072naa#a2200301#i#450# 001 RU\\bibl\105485 005 20260416062230.4 011 ## _a2308-4057 100 ## _a20260325b2026####ek#y0rusy0150####ca 101 0# _aENG 102 ## _aRU 200 1# _aPrecision agriculture as a viable means of enhancing sustainable agricultural production _eЖурнальная статья 210 1# _aКемерово _cКемеровский государственный университет _d2026 215 ## _a19 с. 608 ## _aЖурнальная статья _2local 675 ## _aСельское хозяйство. Лесное хозяйство. Охота. Рыбное хозяйство. 63 _zENG 700 #1 _aDiakite _gSimbo 700 #1 _aKavhiza _gNyasha J. 700 #1 _aSaquee _gFrancess S. 700 #1 _aPakina _gElena N. 700 #1 _aZargar _gMeisam 700 #1 _aDiarra _gOusmane 700 #1 _aNorman _gPrince E. 700 #1 _aTraore _gBrahima 700 #1 _aSamake _gFasse 700 #1 _aDaou _gCheickna 700 #1 _aBabana _gAmadou H. 856 4# _azh-szf.ru _u